000
00343nam a2200145Ia 4500
008
150201s2010 xx 000 0 und d
082
_a
612
_b
T10C
100
_a
CHANDRAMOULI, R
245
_a
TEXTBOOK PHYSIOLOGY
250
_a
3RD
260
_b
JAYPEE BROTHERS
_a
DELHI
_c
2010
300
_a
1-424
650
_a
HUMAN PHYSIOLOGY
942
_2
ddc
_c
BK
_0
4
999
_c
12
_d
12